000
00318nam a22001337a 4500
003
OSt
005
20160727222403.0
008
160623b xxu||||| |||| 00| 0 eng d
040
_c
TEST
100
_9
751
_a
Naisbitt, J
245
_a
Re-investing the Corporation
300
_a
Re-investing the Corporation
942
_2
ddc
_c
BK
999
_c
602
_d
602